| 000 | 00410pab a2200145 454500 | ||
|---|---|---|---|
| 008 | 180718b2006 xxu||||| |||| 00| 0 eng d | ||
| 100 | _aDutt, Kuntala Lahiri | ||
| 245 | _aMay god give us chaos, so that we can plunder: a critique of 'resource curse' and conflict theories | ||
| 260 | _c2006 | ||
| 300 | _ap.14-21. | ||
| 362 | _aSep | ||
| 650 | _aNatural resources | ||
| 773 | _aDevelopment | ||
| 909 | _a72649 | ||
| 999 |
_c72649 _d72649 |
||